Statistics for Taylor Swift: Delicate lyrics

Click here to take the quiz!

General Stats

  • This quiz has been taken 2,157 times
  • The average score is 410 of 468

Answer Stats

Answer% Correct
a
99%
I
99%
my
98%
the
98%
you
98%
you)
98%
like
97%
me?
97%
me
97%
so
97%
for
95%
never
95%
been
94%
is
94%
we
94%
best
93%
can
93%
in
93%
this
93%
This
93%
delicate
92%
delicate?)
92%
(delicate)
92%
delicate?
92%
it?
92%
it
92%
that?
92%
that
92%
worse
92%
your
92%
'cause
91%
(cause
91%
make
91%
reputation's
91%
all
90%
any
90%
but
90%
can't
90%
do?
90%
do
90%
must
90%
on
89%
promises
89%
at
88%
at?
88%
isn't
88%
isn't it?
88%
(isn't it?)
88%
(isn't it
88%
(isn't it? isn't it?)
88%
isn't it? isn't it? isn't it?
88%
now
88%
it's
87%
side
87%
you're
87%
babe?
86%
drink
86%
know
86%
said
86%
to
86%
when
86%
where
86%
cool
85%
head?
85%
head
85%
and
84%
back
84%
east
83%
look
83%
of
82%
ain't
81%
damn
81%
blue
76%
chill
75%
time
75%
colour
74%
eyes
74%
mine
74%
too
74%
yet?
74%
girls
73%
meet
73%
sometimes
73%
soon
73%
touch
73%
are
72%
could
72%
hands
72%
think
72%
bar
71%
things
71%
ever
70%
home
70%
into
70%
oh
70%
pretend
70%
seen
70%
west
70%
with
70%
just
69%
sleep
69%
want
69%
dive
68%
dreaming
68%
night
67%
dark
66%
don't
66%
fun
66%
here
66%
jeans
66%
wonder
66%
view
65%
Nikes
64%
up
64%
hair
63%
handsome
63%
mansion
63%
share
63%
wanna
62%
come
61%
(yeah
60%
honey
59%
stay
57%
footsteps
56%
stairs
55%
stand
54%
floor
53%
long
53%
black
52%
phone
52%
lights
51%
echoes
50%
third
50%

Score Distribution

Percentile by Number Answered

Percent of People with Each Score

Your Score History

You have not taken this quiz